00621nam a2200217Ia 4500008004100000020001800041041000800059082002000067100001900087245002500106250000800131260002900139300000800168365001300176650003100189700001800220700002200238942001200260999001900272952011200291140306s9999 xx 000 0 und d a9788177583861 aeng a338.092bPET/MA aJain, Sudhir K aManagerial Economics a4th aNew DelhibPearsonc2006 a622 bRs.499/- aRisk and Capital Budgeting aLewis, Cris W aPetersen, Craig H 2ddccBK c188331d188331 00102ddc4070aKAUCBVbKAUCBVg499.00l1o338.092 PET/MAr2019-02-14 00:00:00s2019-01-31w2014-03-22yBK